000 00760nam a2200241 a 4500
001 000019424
005 20200929170019.0
008 100629s2006 sp c 000 0 spa d
020 _a8497645669
040 _aDO-SdBNP
_bspa
_cBNPHU
082 _a927.8092
_bM939L
100 1 _aLópez Calzada, María Isabel
_941693
245 1 0 _aAmadeus Mozart /
_cMaría Isabel López Calzada.
260 _aMadrid :
_bEdimat Libros,
_c2006.
300 _a199 p. :
_bretrs. ;
_c22 cm.
490 1 _aGrandes biografías
504 _aIncluye bibliografías [p. 197]
600 1 4 _aMOZART, WOLFGANG AMADEUS,
_d1756-1791
_9953
650 4 _aCompositores
_zAustria
_xBiografías
_941694
650 4 _aPianistas
_941695
830 0 _aGrandes Biografías
_911230
049 _aBNPD
999 _c18940
_d18940